000 00904nam a22003257a 4500
001 BR5900167
003 BR-BrBNA
005 20230928083008.0
007 ta
008 230509b bl.||||| |||| 00| 0 por d
040 _aBR-BrBNA
_bpor
_cBiblioteca Nacional de Agricultura
041 _a(Por)
072 _aE10
_b/G514
090 _ E10 BR5900167
100 1 _aOliveira, F.
110 1 _aComissao de Desenvolvimento Economico de Pernambuco, Recife (Brasil)
_91976
245 1 _aProblemas de desenvolvimento economico de Pernambuco [Brasil]
260 3 _aRecife, PE (Brasil):
_c1959.
300 _a67 p.
500 _a13 tables
650 _aDESENVOLVIMENTO ECONOMICO
650 _aMERCADO
650 _aINDUSTRIA
650 _aRENDA
650 _aDESENVOLVIMENTO AGRICOLA
650 _aPRODUTIVIDADE
650 _aPERNAMBUCO
909 _a202309
_bLucia
_c55
_dLucia Elande
942 _cBK
999 _c11006
_d11006